000 00468nam a22001697a 4500
005 20251108165942.0
008 250721s1999 xx 000 0 ara d
082 1 4 _a920/سبا
100 1 _aالسباعي، مصطفى
245 1 0 _aعظماؤنا في التاريخ /
264 1 _aبيروت :
_bدار الوراق،
_c1999.
300 _a282ص
650 1 7 _aالتراجم
650 1 7 _aالخلفاء الراشدون
942 _2ddc
_cBK
999 _c35715
_d35715